000 00740nam a2200217 i 4500
001 bg
100 1 _aUJMA, Janina
245 0 _aZarys chemii ogólnej :
_bdla studentów Wydziału Budowy Maszyn /
_cJanina Ujma, Krystyna Błaszczyk, Alicja Mazanek ; Politechnika Częstochowska. Wydział Metalurgiczny.
250 _aWyd.2 przejrz. i popr.
260 _aCzęstochowa :
_bPC,
_c1982.
300 _a126 s. :
_bwykr. ;
_c24 cm.
650 9 _aChemia ogólna
_xpodręcznik akademicki
700 1 _aBŁASZCZYK, Krystyna
700 1 _aMAZANEK, Alicja
710 _aPolitechnika Częstochowska
_bWydział Metalurgiczny
040 _cBPK
041 _apol
080 _a54(075.8)
942 _cKS
008 s pl f |000 0 pol
999 _c35718
_d35718
856 _uhttp://koha.tu.koszalin.pl/cgi-bin/koha/opac-detail.pl?biblionumber=35718
_yKatalog online BPK